Catalogo dei papiri ercolanesi /

محفوظ في:

مؤلف مشترك: Centro internazionale per lo studio dei papiri ercolanesi.

مؤلفون آخرون: Gigante, Marcello.

التنسيق: كتاب

اللغة: Italian

منشور في: Napoli : Bibliopolic, 1979.

الموضوعات:

الوسوم: إضافة وسم

لا توجد وسوم, كن أول من يضع وسما على هذه التسجيلة!

رقم الطلب: Z6605 .G7 C37

LEADER 00912nam a22002537a 4500
003 OSt
005 20251201104221.0
008 251201t1979 it fh bc 001 0 ita u
040 |c ARCE Library 
050 1 4 |a Z6605 .G7  |b C37 
245 0 0 |a Catalogo dei papiri ercolanesi /   |c sotto la direzione di Marcello Gigante. 
264 1 |a Napoli :   |b Bibliopolic,   |c 1979. 
300 |a 400 p., [8] leaves of plates :   |b facsims. ;   |c 24 cm. 
500 |a At head of title: Centro internazionale per lo studio dei papiri ercolanesi. 
500 |a Includes indexes. 
504 |a Bibliography: p. [23]-44. 
650 0 |a Manuscripts, Greek (Papyri) -- Catalogs. 
651 0 |a Italy -- Herculaneum (Extinct city) Catalogs. 
651 0 |a Herculaneum (Extinct city) 
700 1 |a Gigante, Marcello. 
710 2 |a Centro internazionale per lo studio dei papiri ercolanesi. 
901 |a reviewed 
942 |2 lcc  |c BK 
999 |c 49550  |d 49550